Quiz do Brasil #2 - Statistics

Estatísticas Gerais
  • Esse quiz foi jogado 417 vezes
  • A pontuação média é 9 de 11
Estatísticas das Respostas
Dica Resposta % Correto
Quem declarou a independência Dom Pedro I
100%
Que estado é conhecido por ter o melhor queijo Minas Gerais
95%
Quem descobriu o Brasil Pedro Álvares Cabral
94%
Onde foi a primeira capital do Brasil Salvador
94%
Que estado recebe mais turistas São Paulo
92%
Moeda laçada antes do real Cruzeiro
90%
Venceu a copa do mundo 3 vezes Pelé
81%
Qual é a principal religião Cristianismo
67%
Quem foi o primeiro presidente Deodoro da Fonseca
66%
Em que ano Brasília foi construída 1960
58%
É um lugar cheio de dunas de areia e lagoas Lençóis Maranhenses
44%
Nenhum quiz correspondente encontrado
Distribuição das Pontuações
Porcentagem de Pessoas com Cada Pontuação
Percentil de Números Respondidos
Sua Pontuação Histórica
Você não jogou esse quiz